United States : Financial Sector Assessment Program-Review of the Key Attributes of Effective Resolution Regimes for the Banking and Insurance Sectors-Technical Note.

This Technical Note reviews the key attributes of effective resolution regimes for the banking and insurance sectors in the United States. The United States' resolution regime for financial institutions has been significantly enhanced since the financial crisis. Over the past several years, the...

Descrición completa

Detalles Bibliográficos
Autor Corporativo: International Monetary Fund. Monetary and Capital Markets Department
Formato: Revista
Idioma:English
Publicado: Washington, D.C. : International Monetary Fund, 2015.
Series:IMF Staff Country Reports; Country Report ; No. 2015/171
Acceso en liña:Full text available on IMF
LEADER 01917cas a2200241 a 4500
001 AALejournalIMF015342
008 230101c9999 xx r poo 0 0eng d
020 |c 5.00 USD 
020 |z 9781513544045 
022 |a 1934-7685 
040 |a BD-DhAAL  |c BD-DhAAL 
110 2 |a International Monetary Fund.  |b Monetary and Capital Markets Department. 
245 1 0 |a United States :   |b Financial Sector Assessment Program-Review of the Key Attributes of Effective Resolution Regimes for the Banking and Insurance Sectors-Technical Note. 
264 1 |a Washington, D.C. :  |b International Monetary Fund,  |c 2015. 
300 |a 1 online resource (140 pages) 
490 1 |a IMF Staff Country Reports 
500 |a <strong>Off-Campus Access:</strong> No User ID or Password Required 
500 |a <strong>On-Campus Access:</strong> No User ID or Password Required 
506 |a Electronic access restricted to authorized BRAC University faculty, staff and students 
520 3 |a This Technical Note reviews the key attributes of effective resolution regimes for the banking and insurance sectors in the United States. The United States' resolution regime for financial institutions has been significantly enhanced since the financial crisis. Over the past several years, the U.S. authorities have undertaken significant efforts to develop the capability to deploy the Orderly Liquidation Authority, if and when needed, to safeguard financial stability. Of particular importance is the development of the so-called single point of entry strategy, designed to take advantage of most systemically important financial institutions in the United States being organized under a holding company structure. 
538 |a Mode of access: Internet 
830 0 |a IMF Staff Country Reports; Country Report ;  |v No. 2015/171 
856 4 0 |z Full text available on IMF  |u http://elibrary.imf.org/view/journals/002/2015/171/002.2015.issue-171-en.xml  |z IMF e-Library